000 01184nam a2200217Ia 4500
003 Ost
005 20260416102401.0
008 260416s9999||||xx |||||||||||||| ||und||
040 _cfsecg
041 _aara
082 _a658.57
100 _aمستوي،عادل
_eمؤلف
245 0 _aبحوث العمليات :
_bمطبوعة بيداغوجية موجهة لطلبة الماستر /
_cعادل مستوي
260 _aالجزائر
_bجامعة الجزائر3: كلية العلوم الإقتصادية، العلوم التجارية وعلوم التسيير
_c2014
300 _a142 ورقة
_bايضاحات
_c12 سم
504 _aمراجع ص.140
520 _aالبرمجة الخطية،الطريقة البيانية لحل البرامج الخطية، طريقة سيمبلكس لحل البرنامج الخطي، طريقة سيمبلكس المزدوجة، برمجة الأعداد الصحيحة، نظرية المباراة.
653 _aبحوث العمليات
710 _aجامعة الجزائر3: كلية العلوم الإقتصادية، العلوم التجارية وعلوم التسيير
_eناشر علمي
942 _cHANDOUT
999 _c41431
_d41431